Alle Städte in Niederösterreich - Statistiken

Allgemein
  • Dieses Quiz wurde 222 mal gespielt
  • Das Durchschnittsergebnis liegt bei 42 aus 76
Antwortstatistiken
Bezirk Einwohner Stadt % Korrekt
Horn 6.428 Horn
96%
Neunkirchen 12.721 Neunkirchen
95%
St. Pölten 55.514 St. Pölten
95%
Amstetten 23.816 Amstetten
94%
Krems an der Donau 25.036 Krems an der Donau
94%
Wiener Neustadt 45.823 Wiener Neustadt
94%
Melk 5.630 Melk
93%
Zwettl 10.779 Zwettl-Niederösterreich
93%
Baden 25.958 Baden
92%
Gänserndorf 11.643 Gänserndorf
92%
Gmünd 5.338 Gmünd
92%
Bruck an der Leitha 8.036 Bruck an der Leitha
91%
Korneuburg 13.331 Korneuburg
91%
Mistelbach 11.583 Mistelbach
91%
Mödling 20.564 Mödling
91%
Lilienfeld 2.664 Lilienfeld
90%
Tulln 16.230 Tulln an der Donau
90%
Waidhofen an der Thaya 5.365 Waidhofen an der Thaya
90%
Waidhofen an der Ybbs 11.222 Waidhofen an der Ybbs
90%
Scheibbs 4.132 Scheibbs
88%
Hollabrunn 11.882 Hollabrunn
87%
Tulln 27.500 Klosterneuburg
82%
Bruck an der Leitha 19.570 Schwechat
69%
Korneuburg 16.875 Stockerau
68%
Mistelbach 6.241 Laa an der Thaya
59%
Baden 12.126 Bad Vöslau
56%
Scheibbs 4.252 Wieselburg
55%
Neunkirchen 14.660 Ternitz
54%
Baden 18.758 Traiskirchen
54%
Krems-Land 7.548 Langenlois
53%
Hollabrunn 4.255 Retz
51%
Horn 1.271 Geras
50%
St. Pölten-Land 7.844 Herzogenburg
50%
St. Pölten-Land 9.818 Purkersdorf
50%
Amstetten 9.306 St. Valentin
50%
Neunkirchen 5.912 Gloggnitz
49%
Gmünd 5.383 Schrems
49%
Bruck an der Leitha 6.837 Hainburg an der Donau
48%
Melk 5.627 Ybbs an der Donau
48%
St. Pölten-Land 8.304 Neulengbach
47%
Gänserndorf 8.960 Deutsch-Wagram
46%
Gänserndorf 11.600 Groß-Enzersdorf
46%
St. Pölten-Land 6.330 Traismauer
46%
Amstetten 5.639 Haag
44%
Mistelbach 7.299 Wolkersdorf im Weinviertel
44%
Melk 3.948 Pöchlarn
43%
Korneuburg 11.401 Gerasdorf bei Wien
41%
St. Pölten-Land 7.754 Pressbaum
41%
Horn 3.503 Eggenburg
40%
Baden 11.229 Ebreichsdorf
39%
Krems-Land 3.783 Gföhl
38%
Gmünd 2.645 Weitra
38%
Gänserndorf 2.989 Marchegg
37%
Bruck an der Leitha 5.572 Fischamend
36%
Krems-Land 3.539 Mautern an der Donau
36%
St. Pölten-Land 6.492 Wilhelmsburg
36%
Gmünd 3.922 Heidenreichstein
34%
Mistelbach 5.483 Poysdorf
34%
Waidhofen an der Thaya 2.635 Raabs an der Thaya
34%
Krems-Land 840 Dürnstein
33%
Gmünd 2.176 Litschau
33%
Lilienfeld 3.801 Hainfeld
32%
Zwettl 4.453 Groß-Gerungs
31%
Gänserndorf 5.379 Zistersdorf
31%
Baden 9.046 Berndorf
30%
Hollabrunn 1.305 Hardegg
28%
Zwettl 1.768 Allentsteig
27%
Melk 3.219 Mank
27%
Horn 1.210 Drosendorf-Zissersdorf
26%
Hollabrunn 1.538 Pulkau
26%
Waidhofen an der Thaya 2.721 Groß-Siegharts
23%
Hollabrunn 1.935 Maissau
23%
Bruck an der Leitha 4.138 Mannersdorf am Leithagebirge
22%
Wiener Neustadt-Land 2.826 Kirchschlag in der Buckligen Welt
20%
Wiener Neustadt-Land 3.121 Ebenfurth
19%
Hollabrunn 865 Schrattenthal
16%
Keine übereinstimmenden Quizze gefunden
Verteilung der Resultate
Anzahl Personen mit jedem Resultat
Perzentil nach korrekt beantworteten Fragen
Ihre Resultats-Entwicklung
Sie haben dieses Quiz noch nicht gespielt